Регионална библиотека "Любен Каравелов" - Русе

Спящата красавица (Запис номер 203349)

MARC детайли
000 -Лидер
Контролно поле с фиксирана дължина 01303nam a2200361 c 4500
003 - Код на организацията, давaща контролен номер
Контролно поле BLK
005 - Дата и час на последна редакция
Контролно поле 20250403174718.0
008 - Елементи от данни с фиксирана дължина
fixed length control field 180411b bul|||||r ||||||| ||bul||
010 ## - Наследен системен номер
LC control number KNG00212876000
020 ## - Международен стандартен номер на книга ISBN
Международен стандартен номер на книга ISBN 978-954-9749-84-7
-- издат.: Клевър Бук
040 ## - Източник на каталожния запис
Идентификатор на билиотеката - собственик на записа BLK
041 ## - Код за език
Код за езика на текст/звукозапис или на отделно заглавие Български
Код за езика КДБФ Български
Други езици Английски
072 #7 - Код за тематичната категория
Код организация bullib
Код за тематична категория Н85
Текст Детска художествена литература Н
080 ## - УДК
Текстов определител УДК Френска литература
УДК код - определител по УДК 821.133.1
УДК определител -93-91
УДК - код + определител 821.133.1-93-91
139 ## - Редно поле
Редна дума Спящата красавица
Авторски знак Спр - С 59
245 10 - Сведения за заглавието
Заглавие Спящата красавица
Подзаглавни данни Двуез. кн.
246 11 - Различни форми на заглавието
Паралелно заглавие The Sleeping Beauty
257 ## - Страна на издаване
Страна на създаване/издаване Франция
260 ## - Област на издателските данни
-- София
Име на издателя, разпространителя и проч. Клевър Бук
Година на издаване [2016]
300 ## - Физическа характеристика
Страници 24 с.
Илюстрации и др. с цв. ил.
Размери/Мащаб 29 см
380 ## - Жанр
Жанр Детска худож. лит.
500 ## - Общи забележки
Забележка Без сведение за ориг. загл. - Парал. текст на англ. ез.
653 ## - Ключова дума – ненормативна
Ключова дума приказки
653 ## - Ключова дума – ненормативна
Ключова дума литература за деца
653 ## - Ключова дума – ненормативна
Ключова дума детска литература
659 ## - Тематичен бюлетин
Тематичен бюлетин Н
852 ## - Местоположение
Форматна сигнатура Цб ІІ 22016
856 4# - Електронен адрес и достъп
Електронен формат pdf - файл
Път до файла /url/
856 4# - Електронен адрес и достъп
Електронен формат pdf - файл
Път до файла /url/
942 ## - АРТИКУЛИ
Вид на библиотечния материал Книги
Скрит в OPAC Не
Koha issues (borrowed), all copies 32
944 ## - СЪЗДАВАНЕ И РЕДАКЦИЯ на ЗАПИСА
Създаване/Редакция Създаване
Дата на регистрацията/редакция 04.10.2017
Статус, дата на статуса Грета Цуфелде
Служител, извършил регистрацията/редакцията 30537
944 ## - СЪЗДАВАНЕ И РЕДАКЦИЯ на ЗАПИСА
Създаване/Редакция Редакция
Дата на регистрацията/редакция 23.11.2017
Статус, дата на статуса ф /
Служител, извършил регистрацията/редакцията Людмила_Стоянова
999 ## - СИСТЕМНИ КОНТРОЛНИ НОМЕРА
Koha biblionumber 203349
Koha biblioitemnumber 203349
Наличности
Код за отписване Код за изгубен артикул Код за повреда Коз за рестрикции Код за отдаване Артикулен № Име на библиотеката - собственик Име на библиотеката, в която се намира в момента Статус (Текущо местоположение) Дата на вписване в системата Местоположение - отдел Цена в лева Инвентарен номер Систематично азбучна сигнатура Баркод Номер на екземпляра Цена в евро Служебна бележка Служебен тип на артикула Източник на класификационната схема
  Не е изгубен Не е повреден без рестрикции ползва се в читалня 351217 Регионална библиотека "Любен Каравелов" Русе Регионална библиотека "Любен Каравелов" Русе Хранилище 2017-10-06 Основен фонд - ползва се само за читалня 5.99 120000815691 Цб ІІ 22016 120000815691 1 3.06 Дост: DA Вид: А N: 38 Дата: 06.10.2017 Книги  
  Не е изгубен Не е повреден без рестрикции заемане за дома 351218 Регионална библиотека "Любен Каравелов" Русе Регионална библиотека "Любен Каравелов" Русе Детски отдел 2017-11-18 Детски отдел 4.19 120000816978 ДХ 820/899/С 59 120000816978 2 2.14 Дост: Pk Вид: Ф N: 69031 Дата: 13.11.2017 Книги Universal Decimal Classification
  Не е изгубен Не е повреден без рестрикции заемане за дома 749745 Регионална библиотека "Любен Каравелов" Русе Регионална библиотека "Любен Каравелов" Русе Детски отдел 2019-11-21 Детски отдел 4.25   ДХ 820/899/С 59 120000837857   2.17   Книги Universal Decimal Classification
  Не е изгубен Не е повреден без рестрикции заемане за дома 749746 Регионална библиотека "Любен Каравелов" Русе Регионална библиотека "Любен Каравелов" Русе Детски отдел 2019-11-21 Детски отдел 4.25   ДХ 820/899/С 59 120000837858   2.17   Книги Universal Decimal Classification
  Не е изгубен Не е повреден само за читалня ползва се в читалня 798494 Регионална библиотека "Любен Каравелов" Русе Регионална библиотека "Любен Каравелов" Русе Хранилище 2020-09-14 Хранилище 5.99   Цб ІІ 25485 120000845774   3.06   Книги Universal Decimal Classification
Vip Innovations Ltd, Rousse, Bulgaria 2025